00386nam a2200145Ia 4500008004100000020001500041041001200056082001600068100001700084245006000101260003700161300000800198650001900206700001500225221030s9999 xx 000 0 und d a8188458295 aEnglish a105.23bBin aJ. S. Bindra 0aApplied Mathematics Vol. Icby J. S. Bindra, K. S. Gill bS.K. Kataria & SonsaDelhic2006 a831 aBE Mathematics aK. S. Gill